000 00275nam a22001217a 4500
999 _c164355
_d164355
082 _a
_b
100 _aPritham Singh
245 _aHandbook of pupil evaluation/
_cby Pritham Singh.
260 _aNew Delhi:
_bAllied,
_c1988.
300 _a506p.
650 _a
942 _cBK